000 00461nam a2200133Ia 4500
008 100328s9999 xx 000 0 und d
082 _b3757
100 _aवरेरकर भार्गवराम विठ्ठल
245 _aभानगड गल्ली
260 _bबकुल आर्ट प्रिटींग प्रेस
630 _aभानगड गल्ली
730 _aभानगड गल्ली
942 _cBOOK
999 _c499875
_d499872